000 01069cam a2200253 4500
008 040423n2004 000 0 eng u
020 _a1860816797
035 _a(Sirsi) u125924
041 _aeng
050 _a333.73
_c18
100 _aCrump, D.
245 _aContaminated land
_bingress of organic vapours into buildings
260 _aWatford
_bBRE
_c2004
300 _a8p.
_c30cm.
490 _aBRE Digest
_v482
520 _aContains the main sources of information and gives examples of using risk assessment tools and measuring air pollutants that are applicable to evaluating and controlling risks due to the ingress of organic vapours from the ground into buildings. It describes the technical and financial risks that are important to any development or remediation project.
650 _aCONTAMINATED LAND
650 _aVOLATILE ORGANIC COMPOUNDS
650 _aVAPOURS
650 _aENVIRONMENTAL PROTECTION ACT 1990 PART IIA
690 _aBUILT ENVIRONMENT-SUSTAINABLE CONSTRUCTION
710 _aBuilding Research Establishment
942 _n0
999 _c103506
_d103506